<?xml version="1.0" encoding="UTF-8"?>
<record
    xmlns:xsi="http://www.w3.org/2001/XMLSchema-instance"
    xsi:schemaLocation="http://www.loc.gov/MARC21/slim http://www.loc.gov/standards/marcxml/schema/MARC21slim.xsd"
    xmlns="http://www.loc.gov/MARC21/slim">

  <leader>02641cam a2200409 i 4500</leader>
  <datafield tag="952" ind1=" " ind2=" ">
    <subfield code="0">0</subfield>
    <subfield code="1">0</subfield>
    <subfield code="2">ddc</subfield>
    <subfield code="4">0</subfield>
    <subfield code="7">0</subfield>
    <subfield code="8">PSYCHOLOGY</subfield>
    <subfield code="a">MES</subfield>
    <subfield code="b">MES</subfield>
    <subfield code="c">PSYCHOLOGY</subfield>
    <subfield code="d">2022-09-26</subfield>
    <subfield code="e">53</subfield>
    <subfield code="g">730.00</subfield>
    <subfield code="l">0</subfield>
    <subfield code="o">616.89 SAD/K</subfield>
    <subfield code="p">41574</subfield>
    <subfield code="r">2022-09-26 00:00:00</subfield>
    <subfield code="t">Vol 4</subfield>
    <subfield code="v">730.00</subfield>
    <subfield code="w">2022-09-26</subfield>
    <subfield code="y">REF</subfield>
    <subfield code="z">GL45R3</subfield>
  </datafield>
  <datafield tag="952" ind1=" " ind2=" ">
    <subfield code="0">0</subfield>
    <subfield code="1">0</subfield>
    <subfield code="2">ddc</subfield>
    <subfield code="4">0</subfield>
    <subfield code="7">0</subfield>
    <subfield code="8">PSYCHOLOGY</subfield>
    <subfield code="a">MES</subfield>
    <subfield code="b">MES</subfield>
    <subfield code="c">PSYCHOLOGY</subfield>
    <subfield code="d">2022-09-26</subfield>
    <subfield code="e">53</subfield>
    <subfield code="g">730.00</subfield>
    <subfield code="l">0</subfield>
    <subfield code="o">616.89 SAD/K</subfield>
    <subfield code="p">41573</subfield>
    <subfield code="r">2022-09-26 00:00:00</subfield>
    <subfield code="t">Vol 3</subfield>
    <subfield code="v">730.00</subfield>
    <subfield code="w">2022-09-26</subfield>
    <subfield code="y">REF</subfield>
    <subfield code="z">GL45R3</subfield>
  </datafield>
  <datafield tag="952" ind1=" " ind2=" ">
    <subfield code="0">0</subfield>
    <subfield code="1">0</subfield>
    <subfield code="2">ddc</subfield>
    <subfield code="4">0</subfield>
    <subfield code="7">0</subfield>
    <subfield code="8">PSYCHOLOGY</subfield>
    <subfield code="a">MES</subfield>
    <subfield code="b">MES</subfield>
    <subfield code="c">PSYCHOLOGY</subfield>
    <subfield code="d">2022-09-26</subfield>
    <subfield code="e">53</subfield>
    <subfield code="g">730.00</subfield>
    <subfield code="l">0</subfield>
    <subfield code="o">616.89 SAD/K</subfield>
    <subfield code="p">41572</subfield>
    <subfield code="r">2022-09-26 00:00:00</subfield>
    <subfield code="t">Vol 2</subfield>
    <subfield code="v">730.00</subfield>
    <subfield code="w">2022-09-26</subfield>
    <subfield code="y">REF</subfield>
    <subfield code="z">GL45R3</subfield>
  </datafield>
  <datafield tag="952" ind1=" " ind2=" ">
    <subfield code="0">0</subfield>
    <subfield code="1">0</subfield>
    <subfield code="2">ddc</subfield>
    <subfield code="4">0</subfield>
    <subfield code="7">0</subfield>
    <subfield code="8">PSYCHOLOGY</subfield>
    <subfield code="a">MES</subfield>
    <subfield code="b">MES</subfield>
    <subfield code="c">PSYCHOLOGY</subfield>
    <subfield code="d">2022-09-26</subfield>
    <subfield code="e">53</subfield>
    <subfield code="g">730.00</subfield>
    <subfield code="l">0</subfield>
    <subfield code="o">616.89 SAD/K</subfield>
    <subfield code="p">41571</subfield>
    <subfield code="r">2022-09-26 00:00:00</subfield>
    <subfield code="t">Vol 1</subfield>
    <subfield code="v">730.00</subfield>
    <subfield code="w">2022-09-26</subfield>
    <subfield code="y">REF</subfield>
    <subfield code="z">GL45R3</subfield>
  </datafield>
  <datafield tag="999" ind1=" " ind2=" ">
    <subfield code="c">41531</subfield>
    <subfield code="d">41531</subfield>
  </datafield>
  <controlfield tag="001">18174294</controlfield>
  <controlfield tag="003">OSt</controlfield>
  <controlfield tag="005">20220919143831.0</controlfield>
  <controlfield tag="008">140602s2015    paua     b    001 0 eng  </controlfield>
  <datafield tag="010" ind1=" " ind2=" ">
    <subfield code="a">  2014021574</subfield>
  </datafield>
  <datafield tag="020" ind1=" " ind2=" ">
    <subfield code="a">9781609139711 (alk. paper)</subfield>
  </datafield>
  <datafield tag="035" ind1=" " ind2=" ">
    <subfield code="a">(DNLM)101633736</subfield>
  </datafield>
  <datafield tag="040" ind1=" " ind2=" ">
    <subfield code="a">DNLM/DLC</subfield>
    <subfield code="c">DLC</subfield>
    <subfield code="e">rda</subfield>
    <subfield code="d">DLC</subfield>
  </datafield>
  <datafield tag="042" ind1=" " ind2=" ">
    <subfield code="a">pcc</subfield>
  </datafield>
  <datafield tag="050" ind1="0" ind2="0">
    <subfield code="a">RC437.5</subfield>
    <subfield code="b">.S244 2015</subfield>
  </datafield>
  <datafield tag="060" ind1="1" ind2="0">
    <subfield code="a">WM 140</subfield>
  </datafield>
  <datafield tag="082" ind1="0" ind2="0">
    <subfield code="a">616.89</subfield>
    <subfield code="2">23</subfield>
    <subfield code="b">SAD/K</subfield>
  </datafield>
  <datafield tag="100" ind1="1" ind2=" ">
    <subfield code="a">Sadock, Benjamin J.,</subfield>
    <subfield code="d">1933-</subfield>
    <subfield code="e">author.</subfield>
    <subfield code="9">9106</subfield>
  </datafield>
  <datafield tag="245" ind1="1" ind2="0">
    <subfield code="a">Kaplan &amp; Sadock's synopsis of psychiatry :</subfield>
    <subfield code="b">behavioral sciences/clinical psychiatry /</subfield>
    <subfield code="c">Benjamin James Sadock, M.D., Menas S. Gregory Professor of Psychiatry, Department of Psychiatry, New York University School of Medicine; Attending Psychiatrist, Tisch Hospital; Attending Psychiatrist, Bellevue Hospital Center, New York, New York ; Virginia Alcott Sadock, M.D., Professor of Psychiatry, Department of Psychiatry, New York University School of Medicine; Attending Psychiatrist, Tisch Hospital; Attending Psychiatrist, Bellevue Hospital Center, New York, New York ; Pedro Ruiz, M.D., Professor of Psychiatry, Executive Vice-Chair and Director of Clinical Programs, Department of Psychiatry and Behavioral Sciences, University of Miami Miller School of Medicine, Miami, Florida.</subfield>
  </datafield>
  <datafield tag="246" ind1="1" ind2=" ">
    <subfield code="a">Kaplan and Sadock's synopsis of psychiatry</subfield>
  </datafield>
  <datafield tag="246" ind1="1" ind2=" ">
    <subfield code="a">Synopsis of psychiatry</subfield>
  </datafield>
  <datafield tag="250" ind1=" " ind2=" ">
    <subfield code="a">Eleventh edition /</subfield>
    <subfield code="b">Benjamin James Sadock, Virginia Alcott Sadock, Pedro Ruiz.</subfield>
  </datafield>
  <datafield tag="264" ind1=" " ind2="1">
    <subfield code="a">Philadelphia :</subfield>
    <subfield code="b">Wolters Kluwer,</subfield>
    <subfield code="c">[2015]</subfield>
  </datafield>
  <datafield tag="300" ind1=" " ind2=" ">
    <subfield code="a">xvi, 1472 pages:</subfield>
    <subfield code="b">illustrations ;</subfield>
    <subfield code="c">27 cm.</subfield>
  </datafield>
  <datafield tag="336" ind1=" " ind2=" ">
    <subfield code="a">text</subfield>
    <subfield code="2">rdacontent</subfield>
  </datafield>
  <datafield tag="337" ind1=" " ind2=" ">
    <subfield code="a">unmediated</subfield>
    <subfield code="2">rdamedia</subfield>
  </datafield>
  <datafield tag="338" ind1=" " ind2=" ">
    <subfield code="a">volume</subfield>
    <subfield code="2">rdacarrier</subfield>
  </datafield>
  <datafield tag="500" ind1=" " ind2=" ">
    <subfield code="a">Preceded by Kaplan &amp; Sadock's synopsis of psychiatry / Benjamin James Sadock, Virginia Alcott Sadock. 10th ed. 2007.</subfield>
  </datafield>
  <datafield tag="504" ind1=" " ind2=" ">
    <subfield code="a">Includes bibliographical references and index.</subfield>
  </datafield>
  <datafield tag="520" ind1=" " ind2=" ">
    <subfield code="a">"The goal of this book is to foster professional competence and ensure the highest quality care to those with mental illness. An eclectic, multidisciplinary approach has been its hallmark; thus, biological, psychological, and sociological factors are equitably presented as they affect the person in health and disease"--</subfield>
    <subfield code="c">Provided by publisher.</subfield>
  </datafield>
  <datafield tag="650" ind1="1" ind2="2">
    <subfield code="a">Mental Disorders.</subfield>
  </datafield>
  <datafield tag="700" ind1="1" ind2=" ">
    <subfield code="a">Sadock, Virginia A.,</subfield>
    <subfield code="e">author.</subfield>
  </datafield>
  <datafield tag="700" ind1="1" ind2=" ">
    <subfield code="a">Ruiz, Pedro,</subfield>
    <subfield code="d">1936-</subfield>
    <subfield code="e">author.</subfield>
  </datafield>
  <datafield tag="906" ind1=" " ind2=" ">
    <subfield code="a">7</subfield>
    <subfield code="b">cbc</subfield>
    <subfield code="c">orignew</subfield>
    <subfield code="d">1</subfield>
    <subfield code="e">ecip</subfield>
    <subfield code="f">20</subfield>
    <subfield code="g">y-gencatlg</subfield>
  </datafield>
  <datafield tag="942" ind1=" " ind2=" ">
    <subfield code="2">ddc</subfield>
    <subfield code="c">REF</subfield>
    <subfield code="h">616.89</subfield>
    <subfield code="i">SAD/K</subfield>
    <subfield code="k">616.89</subfield>
    <subfield code="m">SAD/K</subfield>
  </datafield>
</record>
